الإقليم السادس عشر :‪‪‪‪‪‪‪‪‪‪‪‪‪‪‪‪‪‪‪‪‪‪‪‪‪‪‪‪‪‪‪‪‪‪‪‪‪‪‪‪‪‪‪‪‪‪‪‪ منذ أقدم العصور حتى نهاية الدولة الوسطى /‪‪‪‪‪‪‪‪‪‪‪‪‪‪‪‪‪‪‪‪‪‪‪‪‪‪‪‪‪‪‪‪‪‪‪‪‪‪‪‪‪‪‪‪‪‪‪‪

تعتبر هذه الدراسة هامة وضرورية من الناحية الأثرية والتاريخية لأنها تتناول إقليماً هاماً من أقاليم مصر الوسطى كان له دوره الفعال في مختلف فترات التاريخ المصري القديم، وعلى وجه الخصوص عصر الدولة الوسطى.‪‪‪‪‪‪‪‪‪‪‪‪‪‪‪‪‪‪‪‪‪‪ وتساهم هذه الدراسة في دراسة العمارة المصرية وكذلم الفن المصري من خلال دراسة م...

وصف كامل

محفوظ في:

المؤلف الرئيسي: أحمد، صدقة موسى علي،‪‪‪‪‪‪‪‪‪‪‪‪‪‪‪‪‪‪‪‪‪‪‪‪‪ (مؤلف)

التنسيق: أطروحة كتاب

اللغة: Arabic

الموضوعات:

الوسوم: إضافة وسم

لا توجد وسوم, كن أول من يضع وسما على هذه التسجيلة!

رقم الطلب: Diss.,34 volume 1-3 1989

LEADER 04190nam a2200313Ia 4500
005 20200201012543.0
008 130303t1989 xx a f bm 000 0 ara d
041 0 |a ara  |b ara  |b eng 
043 |a f-ua--- 
050 0 0 |a Diss.,34 volume 1-3 1989 
100 1 |a أحمد، صدقة موسى علي،‪‪‪‪‪‪‪‪‪‪‪‪‪‪‪‪‪‪‪‪‪‪‪‪‪  |e author. 
245 1 2 |a الإقليم السادس عشر :‪‪‪‪‪‪‪‪‪‪‪‪‪‪‪‪‪‪‪‪‪‪‪‪‪‪‪‪‪‪‪‪‪‪‪‪‪‪‪‪‪‪‪‪‪‪‪‪  |b منذ أقدم العصور حتى نهاية الدولة الوسطى /‪‪‪‪‪‪‪‪‪‪‪‪‪‪‪‪‪‪‪‪‪‪‪‪‪‪‪‪‪‪‪‪‪‪‪‪‪‪‪‪‪‪‪‪‪‪‪‪  |c صدقة موسى علي أحمد.‪‪‪‪‪‪‪‪‪‪‪‪‪‪‪‪‪‪‪‪‪‪‪‪‪‪‪‪‪‪‪‪‪‪‪‪‪‪‪‪‪‪‪‪‪‪‪‪ 
264 1 |c 1989. 
300 |a 3 مجلد (1529 صفحة) :‪‪‪‪‪‪‪‪‪‪‪‪‪‪‪‪‪‪‪‪‪‪‪‪‪‪‪  |b إيضاحيات ؛‪‪‪‪‪‪‪‪‪‪‪‪‪‪‪‪‪‪‪‪‪‪‪‪‪‪‪  |c 24 سم‪‪‪‪‪‪‪‪‪‪‪‪‪‪‪‪‪‪‪‪‪‪‪‪‪‪‪ 
336 |a text  |b txt  |2 rdacontent 
337 |a unmediated  |b n  |2 rdamedia 
338 |a volume  |b nc  |2 rdacarrier 
500 |a تحت إشراف رمضان عبده علي السيد، عبد القادر خليل عبد النعيم.‪‪‪‪‪‪‪‪‪‪‪‪‪‪‪‪‪‪‪‪‪‪‪‪‪‪‪‪‪‪‪‪‪‪‪‪‪‪‪‪‪‪‪‪‪‪‪‪ 
502 |a أطروحة (ماجستير) -- جامعة المنيا، كلية الآداب، قسم التاريخ، 1989.‪‪‪‪‪‪‪‪‪‪‪‪‪‪‪‪‪‪‪‪‪‪‪‪‪‪‪‪‪‪‪‪‪‪‪‪‪‪‪‪‪‪‪‪‪‪‪‪ 
504 |a ببليوجرافيا : صفحات 1498-1521.‪‪‪‪‪‪‪‪‪‪‪‪‪‪‪‪‪‪‪‪‪‪‪‪‪ 
520 |a تعتبر هذه الدراسة هامة وضرورية من الناحية الأثرية والتاريخية لأنها تتناول إقليماً هاماً من أقاليم مصر الوسطى كان له دوره الفعال في مختلف فترات التاريخ المصري القديم، وعلى وجه الخصوص عصر الدولة الوسطى.‪‪‪‪‪‪‪‪‪‪‪‪‪‪‪‪‪‪‪‪‪‪ وتساهم هذه الدراسة في دراسة العمارة المصرية وكذلم الفن المصري من خلال دراسة ما تبقى من مقابر داخل الإقليم.‪‪‪‪‪‪‪‪‪‪‪‪‪‪‪‪‪‪‪‪‪‪‪إلى جانب دراسة مقابر حكام الإقليم السابقة الذكر في بني حسن والتي تعتبر من أشهر الجبانات الأثرية في مصر بل وفي العالم أجمع‪‪‪‪‪‪‪‪‪‪‪‪‪‪‪‪‪‪‪‪‪‪‪‪‪ 
546 |a النص بالعربية و المستخلص باللغتين العربية و الإنجليزية.‪‪‪‪‪‪‪‪‪‪‪‪‪‪‪‪‪‪‪‪‪‪‪‪‪‪‪‪‪‪‪‪‪‪‪‪‪‪‪‪‪‪‪‪‪‪‪‪ 
555 |a Omnia 
651 4 |a مصر القديمة‪‪‪‪‪‪‪‪‪‪‪‪‪‪‪‪‪‪‪‪‪‪‪‪‪  |x تاريخ‪‪‪‪‪‪‪‪‪‪‪‪‪‪‪‪‪‪‪‪‪‪‪‪‪  |y الدولة الوسطى، 2260-1580 ق.م.‪‪‪‪‪‪‪‪‪‪‪‪‪‪‪‪‪‪‪‪‪‪‪‪‪ 
952 |0 0  |1 0  |2 lcc  |3 V.1  |4 0  |7 1  |9 27226  |a ARCE  |b ARCE  |d 2022-01-25  |l 0  |o Diss.,34 volume 1-3 1989  |p 1035868  |r 2022-01-25 00:00:00  |w 2022-01-25  |y THESES 
952 |0 0  |1 0  |2 lcc  |3 V.2  |4 0  |7 1  |9 50975  |a ARCE  |b ARCE  |d 2023-10-22  |l 0  |o Diss.,34 volume 1-3 1989  |p 1035869  |r 2023-10-22 00:00:00  |w 2023-10-22  |y THESES 
952 |0 0  |1 0  |2 lcc  |3 V.3  |4 0  |7 1  |9 50976  |a ARCE  |b ARCE  |d 2023-10-22  |l 0  |o Diss.,34 volume 1-3 1989  |p 1035870  |r 2023-10-22 00:00:00  |w 2023-10-22  |y THESES 
999 |c 24257  |d 24257 
942 |c THESES  |2 lcc